|
|
|
|
| LEADER |
01116nam a2200253 a 4500 |
| 001 |
2599755 |
| 008 |
970922s1998 cau b 001 0 eng d |
| 010 |
|
|
|a 97041231
|
| 020 |
|
|
|a 0804730253 (alk. paper)
|
| 020 |
|
|
|a 0804730261 (pbk. : alk. paper)
|
| 040 |
|
|
|a DLC
|c DLC
|d DLC
|
| 082 |
0 |
0 |
|a 840.9/3520431
|2 21
|
| 100 |
1 |
|
|a Huffer, Lynne,
|d 1960-
|
| 245 |
1 |
0 |
|a Maternal pasts, feminist futures :
|b nostalgia, ethics, and the question of difference /
|c Lynne Huffer.
|
| 260 |
|
|
|a Stanford, Calif. :
|b Stanford University Press,
|c 1998.
|
| 300 |
|
|
|a viii, 199 p. ;
|c 22 cm.
|
| 504 |
|
|
|a Includes bibliographical references (p. [179]-194) and index.
|
| 541 |
1 |
|
|e 00019500
|
| 650 |
|
0 |
|a French literature
|y 20th century
|x History and criticism.
|
| 650 |
|
0 |
|a Mothers in literature.
|
| 650 |
|
0 |
|a Nostalgia in literature.
|
| 852 |
4 |
|
|a Ayesha Abed Library
|j General Shelf.
|
| 999 |
|
|
|c 5256
|d 5256
|
| 952 |
|
|
|0 0
|1 0
|2 ddc
|4 0
|6 840_935204310000000_HUF_1998
|7 0
|9 5101
|a BRACUL
|b BRACUL
|c GEN
|d 2009-11-09
|l 2
|o 840.93520431 HUF
|p 3010019500
|r 2025-12-24
|s 2025-12-15
|t 1
|w 2009-11-09
|y BK
|x Transferred from ENH to Ayesha Abed library on 20/12/2023
|